[Event "EU-Cup 10th final"]
[Site "Lyon"]
[Date "1994.11.19"]
[Round "2"]
[White "Dreev, Alexey"]
[Black "Rozentalis, Eduardas"]
[Result "1/2-1/2"]
[WhiteElo "2650"]
[BlackElo "2595"]
[Annotator "Dautov,R"]
[PlyCount "65"]
[EventDate "1994.11.18"]
[EventType "team-k.o."]
[EventRounds "3"]
[EventCountry "FRA"]
[SourceTitle "EXT 2020"]
[Source "ChessBase"]
[SourceDate "2019.10.17"]
[SourceVersion "1"]
[SourceVersionDate "2019.10.17"]
[SourceQuality "1"]
[WhiteTeam "Novosibirsk Vektor"]
[BlackTeam "Vilnius Kaise"]
[WhiteTeamCountry "RUS"]
[BlackTeamCountry "LTU"]

1. d4 Nf6 2. c4 e6 3. Nf3 b6 4. a3 Bb7 5. Nc3 d5 6. Qc2 Be7 7. cxd5 exd5 8. Bf4
O-O 9. e3 Nbd7 (9... c5 10. Rd1 Na6 11. Bd3 Nc7 12. O-O Ne6 13. Be5 c4 14. Bf5
g6 15. Bh3 a6 16. b3 b5 17. bxc4 bxc4 18. Qa4 Qe8 19. Qxe8 Rfxe8 20. Rb1 Bc6
21. Rb6 Rec8 22. Bxf6 Bxf6 23. Ne5 Bxe5 24. dxe5 {+/- Dreev-Timman/Dortmund/
1994}) 10. Bd3 (10. Be2 $5 c5 11. O-O a6 12. Rfd1 {+=}) 10... c5 11. O-O a6 12.
a4 $1 {+=} g6 (12... c4 $6 13. Bf5 g6 14. Bh3 Bc6 15. Ne5 Nxe5 16. dxe5 Nh5 17.
Bh6 Ng7 18. Rfd1 {+/-}) 13. Rfd1 Rc8 (13... c4 $6 14. Be2 {+/- /\Ne5}) 14. Be2
(14. Ne5 $5 cxd4 15. exd4 Ne4 16. Qb3 Nxc3 17. bxc3 Nxe5 18. Bxe5 {+=}) 14...
Re8 (14... cxd4 $5 15. exd4 (15. Nxd4 Ne4 {=}) 15... Ne4 16. Qb3 Nxc3 17. bxc3
{+=}) (14... Ne4 $5 {/\} 15. dxc5 Rxc5 $132) 15. dxc5 bxc5 16. a5 $1 {+/- /\Qb3
} (16. Qb3 Qb6 17. Qxb6 Nxb6 18. Ne5 a5 {~}) 16... Ra8 17. Ne5 $1 (17. Qb3 $5
Qc8 (17... Bc6 18. Ne5 Nxe5 19. Bxe5 {+/-}) 18. Ne5 Bf8 19. Nxd7 Qxd7 20. Bg5 {
+/-}) 17... Bf8 18. Qb3 (18. Nxd7 Qxd7 19. Qb3 {+/- /\} d4 20. exd4 cxd4 21.
Qb6) 18... Nxe5 19. Qxb7 Rb8 20. Qxa6 Rxb2 (20... Re6 21. Qxe6 (21. Bxe5 $5
Rxa6 22. Bxa6 {+/-}) 21... fxe6 22. Bxe5 Bd6 (22... Rxb2 $2 23. Nxd5 {+-}) 23.
Bxd6 Qxd6 24. a6 {+/-}) 21. Bb5 Re6 22. Qb7 d4 (22... Re7 23. Qb6 Qxb6 24. axb6
{+/-}) 23. a6 (23. exd4 $1 cxd4 24. a6 Re7 25. Bxe5 Rxb7 26. axb7 Nd7 27. Bxd4
$1 (27. Rxd4 Qb6 28. Bxd7 Qxb7 {/\Bc5}) 27... Qb8 28. Bxd7 Rxb7 29. Bc6 Rb3 30.
Nd5 {+-}) 23... Re7 24. Bxe5 $6 (24. exd4 $1 Rxb7 (24... cxd4 25. Bxe5 Rxb7 26.
axb7 {+-}) 25. dxe5 Rd7 (25... Qb6 26. axb7 Qxb7 (26... Nh5 27. Bh6 $1 c4 28.
Ne4 Qxb7 29. Rd8 Ng7 30. Nf6+ {+-}) 27. exf6 Rxb5 28. Nxb5 Qxb5 29. Ra8 {+-})
26. Bxd7 Nxd7 27. a7 Qa8 28. Rxd7 {+-}) 24... Rxb7 25. axb7 Nd7 26. Ra8 $2 (26.
Bxd7 Qxd7 27. b8=Q Rxb8 28. Bxb8 Qe8 29. Bc7 $1 {Rozentalis} (29. exd4 cxd4 30.
Rxd4 Qxb8 {=}) 29... dxc3 30. Ba5 {+/-}) (26. exd4 Nxe5 27. dxe5 Qc7 28. Rd7
Qxe5 $132) (26. Bg3 Qb6 27. Bxd7 Qxb7 28. Na4 Rb4 29. Bg4 Qb5 {=}) 26... Qh4 $1
(26... Qe7 27. exd4 cxd4 28. Bxd4 {+/-}) 27. Bg3 Qh5 28. Be2 (28. exd4 $2 Rxb5
$1) 28... Rxe2 $2 (28... Qf5 $142 {! Rozentalis} 29. Bd3 (29. e4 Qe6) 29... Qe6
{-/+}) 29. Nxe2 Qxe2 30. Rf1 $1 Qb5 $8 (30... dxe3 $2 31. Rd8 exf2+ 32. Bxf2
Qb5 33. Rxd7 {+-}) 31. b8=Q Nxb8 32. Rxb8 Qd7 33. Rd1 (33. exd4 {=}) (33. Rd1
d3 $5 34. h3 (34. Be5 $5) 34... c4 35. Be5 f6 36. Bc3 {~}) 1/2-1/2

[Event "Enghien les Bains 4th"]
[Site "Enghien les Bains"]
[Date "2001.04.16"]
[Round "5"]
[White "Bauer, Christian"]
[Black "Bologan, Viktor"]
[Result "0-1"]
[WhiteElo "2612"]
[BlackElo "2676"]
[Annotator "Dautov,R"]
[PlyCount "80"]
[EventDate "2001.04.11"]
[EventType "tourn"]
[EventRounds "9"]
[EventCountry "FRA"]
[EventCategory "17"]
[SourceTitle "CBM 083"]
[Source "ChessBase"]
[SourceDate "2001.07.05"]
[SourceVersion "1"]
[SourceVersionDate "2001.07.05"]
[SourceQuality "1"]

1. d4 Nf6 2. c4 e6 3. Nf3 d5 4. Nc3 Be7 5. Bg5 h6 6. Bxf6 Bxf6 7. e3 O-O 8. Rc1
{Schwarz bereitet dxc4 und e6-e5 vor.} Nc6 ({Die Hauptvariante ist} 8... c6 9.
Bd3 Nd7 10. O-O dxc4 11. Bxc4 e5 {usw.}) 9. a3 (9. Be2 dxc4 10. Bxc4 e5 11. d5
Ne7 12. Ne4 {ähnelt der Partie.}) ({Meistens verhindert Weiß den gegnerischen
Plan durch} 9. cxd5 exd5 {z.B,} 10. Be2 Ne7 11. O-O c6 12. b4 a6 13. a4 Be6 14.
Ne1 Bf5 15. Nd3 Bxd3 16. Bxd3 Qb6 17. Qb3 Rfd8 18. Rc2 a5 19. b5 Rac8 20. Ne2
c5 $11 {Stefansson,H-Pigusov,E/Katerini 1993}) 9... dxc4 10. Bxc4 e5 11. d5 Ne7
12. Ne4 Ng6 ({Interessant ist auch die Überführung des Springers auf d6.} 12...
Nf5 $5 13. O-O Nd6 14. Nxf6+ Qxf6 15. Be2 Bg4 $132) 13. Ba2 {Die Partie zeigt
sehr deutlich, daß Christian Bauers gemächliche Spielweiße ungenügend ist.} ({
In Frage kommt der forcierte Übergang ins Endspiel} 13. d6 $5 cxd6 14. Qxd6
Qxd6 15. Nxd6 e4 16. Nd4 $14) (13. Nxf6+ Qxf6 $11) 13... Be7 14. O-O Kh8 15.
Qb3 f5 16. Nc5 Bd6 17. Bb1 ({Auf die Komplikationen nach} 17. Nxb7 $5 Bxb7 18.
Qxb7 Rb8 19. Qxa7 Rxb2 20. Bc4 e4 21. Nd4 Qh4 $40 {wollte sich Weiß nicht
einlassen.}) 17... Qf6 18. Rfe1 b6 $15 {Schwarz steht eindeutig angenehmer,
seine Figuren zielen unmißverständlich in die Richtung des weißen Königs.} 19.
Ne6 Bxe6 20. dxe6 e4 21. Nd4 Rae8 22. Nb5 (22. Ba2 Ne5 $15 {/\Nd3}) 22... Nh4
23. Red1 $2 {Dieser unvorsichtige Zug provoziert ein Opferfeuerwerk.} (23. Kh1
$142 $15) 23... Qg5 24. g3 Nf3+ 25. Kg2 Qh5 26. h4 (26. h3 $2 Ng5 $19) 26...
Bxg3 $3 (26... Qg4 27. Nxd6 cxd6 28. Kf1 Nh2+ 29. Kg2 Nf3 30. Kf1 $11) 27. fxg3
Nxh4+ $1 28. gxh4 Qf3+ $19 29. Kh2 ({Nichts ändert} 29. Kg1 Qg3+ 30. Kf1 f4 $19
) 29... Qf2+ 30. Kh1 Qxh4+ 31. Kg1 Qg3+ 32. Kf1 (32. Kh1 Qh3+ 33. Kg1 Rf6 $19)
32... f4 33. Bxe4 fxe3+ 34. Ke2 Rf2+ 35. Kd3 e2+ 36. Kc4 exd1=Q 37. Qxd1 Qe5
38. Nc3 Rxb2 39. Qd7 b5+ 40. Kd3 Qg3+ 0-1

[Event "EU-ch 2nd"]
[Site "Ohrid"]
[Date "2001.06.11"]
[Round "10"]
[White "Volkov, Sergey"]
[Black "Dautov, Rustem"]
[Result "1-0"]
[WhiteElo "2558"]
[BlackElo "2631"]
[Annotator "Dautov,R"]
[PlyCount "99"]
[EventDate "2001.06.01"]
[EventType "swiss"]
[EventRounds "13"]
[EventCountry "YUG"]
[SourceTitle "CBM 084"]
[Source "ChessBase"]
[SourceDate "2001.09.13"]
[SourceVersion "1"]
[SourceVersionDate "2001.09.13"]
[SourceQuality "1"]

1. d4 d5 2. c4 e6 3. Nc3 Be7 4. Nf3 Nf6 5. Bg5 O-O 6. e3 h6 7. Bxf6 Bxf6 8. Qb3
c6 9. Be2 Nd7 10. O-O Rb8 {Die Idee dieses Zuges ist die Durchführung von
b7-b5.} (10... b6) (10... dxc4 11. Bxc4 c5) 11. Rac1 $146 (11. Rad1 b5 12. cxb5
cxb5 13. a3 Be7 14. Na2 a6 15. Nb4 Bb7 16. Nd3 Qb6 17. Nfe5 Nf6 18. Qa2 Rfd8
19. b4 Ne4 20. Qb2 Nd6 $11 {Palos,O-Korneev,O/Krumbach 1991}) ({Prinzipieller
ist die Fortsetzung} 11. a4 a5 12. Rfd1 Be7 13. e4 dxe4 14. Nxe4 Nf6 15. Qe3
Qc7 16. Ne5 b6 17. Nxf6+ Bxf6 18. Ng4 Bg5 19. Qe5 Rb7 20. Ra3 Bd7 $11 {Volkov,
S-Nielsen,P/Ohrid 2001}) 11... b5 12. cxb5 cxb5 13. a3 {/\Na2-b4-d3 Weiß hofft
auf einen Minivorteil nach der Überführung seines Springers auf c5.} a6 (13...
Be7 $5) 14. Na2 Bb7 15. Nb4 Qb6 16. Nd3 Rfc8 17. Qa2 a5 18. b4 Qa7 $1 19. Nc5
Nxc5 $2 {Eine merkwürdige Entscheidung, die ich nicht erklären kann. Schwarz
bekommt eine passive Stellung ohne irgendwelche Aussichten auf Gegenspiel.
Dabei hatte ich zwei sichere Ausgleichmöglichkeiten.} (19... Nb6 20. Bxb5 (20.
Nxb7 Rxb7 21. Rxc8+ Nxc8 $11) (20. Qb3 Bc6 $11 {/\Nc4}) 20... axb4 21. a4 Bc6
22. Qb3 Bxb5 23. axb5 Qa5 24. Na6 Rb7 25. Qxb4 Qxb4 26. Nxb4 Nc4 $11) (19...
Bc6 {/\Nb6-c4} 20. Nxd7 Bxd7 21. Qb2 axb4 22. axb4 Rxc1 23. Rxc1 Ra8 {[%cal
Ra7a2] Dank der offenen a-Linie steht Schwarz in jedem Fall nicht schlechter.}
24. Ne5 Be8 25. Nd3 Be7 26. Nc5 Qa2 $11) 20. bxc5 Bc6 21. Rb1 Qc7 22. Qd2 Rb7
23. Rb3 Rcb8 24. Rfb1 $14 {Der Vorstoß b5-b4 ist vorerst verhindert. Weiß kann
aber seinen Druck auf der b-Linie nicht verstärken. Wenn z.B. sein Springer
auf c3 überführt wird, kann Schwarz sowohl b5-b4 als auch Qc7-d7 antworten.
Schwarz sollte seinerseits passiv stehen bleiben, da z.B. der Vorstoß e6-e5
seine Lage nur verschlechtert - nach d4xe5 bekäme der Springer einen
prächtigen Posten auf d4.} g6 25. h3 Bg7 26. Bd3 f5 $2 {[%csl Re5] Diese
Entscheidung ist prinzipiell falsch. Die Schwächung des Zentralfeldes e5
ermöglicht Weiß einen guten Plan: Ne1, f4, Nf3-e5. Schwarz sollte, wie bereits
erwähnt, passiv stehen bleiben, z.B. Bf6-g7. Sollte Weiß dem gleichen Plan
folgen, hätte Schwarz die Möglichkeit f7-f6.} (26... Be8 {Auch diese Zulassung
von e3-e4 war durchaus möglich.} 27. e4 dxe4 28. Bxe4 Ra7 $11 {[%csl Rb5,Rd4]})
(26... Bf6 $14) 27. Be2 Be8 (27... g5 $5) 28. Ne1 $1 {/\f4,Nf3-e5} Bc6 29. f4
Bf6 30. Nf3 Kh8 31. g3 {Nach und nach verbessert Volkov seine Stellung.} (31.
Ne5 Bxe5 $2 (31... Be8 $14) 32. fxe5 Qd8 33. Kh2 $16 {/\g4}) 31... g5 $2 {
[%csl Rf5][%cal Rg3g4] Schwarz bastelt weiter an seinem Untergang, der
Bauernzug schwächt den Punkt f5, wodurch der Vorstoß g3-g4 an Kraft gewinnt.
Erneut sollte ich lieber stehen bleiben.} 32. Kh2 Be8 33. Bd3 Bh5 34. Ne1 $6 {
Zu passiv!} ({Es war an der Zeit, vorwärts zu stürmen.} 34. Ne5 $1 Be8 35. g4
$1 Bxe5 (35... gxf4 36. exf4 fxg4 37. hxg4 Qg7 38. Be2 $16) 36. fxe5 fxg4 37.
hxg4 $16) 34... Be8 35. Bf1 $2 (35. Nf3 $1) 35... h5 $1 $132 {Dieser Bauernzug
ist ausnahmsweise richtig. Schwarz nutzt seine Chance und zwingt den Gegner
zum Tausch auf g5.} 36. fxg5 ({Fehlerhaft wäre} 36. Nf3 $2 {wegen} g4 $1 37.
Ne5 Kg7 $11 {, und der Königsflügel ist für Weiß undurchdringbar geworden.})
36... Bxg5 {/\h4} 37. Kg2 h4 $138 (37... Qg7 $5 38. Nf3 (38. Qxa5 $2 Bh4) 38...
Bd8 $14) 38. gxh4 Bxh4 39. Kh1 Bxe1 $2 {Nach diesem furchtbaren Zug bricht die
schwarze Stellung schnell zusammen. Der schwarzfeldrige Läufer war
lebenswichtig für die Verteidigung.} (39... Kh7 $5 40. Nd3 (40. Nf3 Bf6 $14)
40... Bg5 41. Nf4 Bd7 $14) (39... a4 $5 40. R3b2 Qg3 $132) 40. Qxe1 Qd8 41.
R3b2 a4 $2 {Verzweiflung, aber guter Rat war teuer. Die weiße Dame nutzt die
geschwächten schwarzen Felder, um in die gegnerische Stellung einzudringen.} (
41... Bc6 42. Qg3 Qe7 43. Qe5+ Kh7 44. Bd3 b4 $2 45. axb4 axb4 (45... Rxb4 46.
Bxf5+) 46. Ba6 $18) 42. Rg2 $18 Qf6 43. Qg3 Bc6 44. Bd3 Rf8 45. Rbg1 Rd7 46.
Kh2 Kh7 47. Qf3 Re7 48. Rg5 Kh8 49. Qf4 Be8 50. Qh4+ 1-0

[Event "Biel"]
[Site "Biel"]
[Date "1986.07.31"]
[Round "10"]
[White "Cebalo, Miso"]
[Black "Lobron, Eric"]
[Result "1/2-1/2"]
[WhiteElo "2475"]
[BlackElo "2515"]
[Annotator "Dolmatov,S"]
[PlyCount "140"]
[EventDate "1986.07.20"]
[EventType "tourn"]
[EventRounds "11"]
[EventCountry "SUI"]
[EventCategory "12"]
[SourceTitle "MCL"]
[Source "ChessBase"]
[SourceDate "1999.07.01"]
[SourceVersion "1"]
[SourceVersionDate "1999.07.01"]
[SourceQuality "1"]

1. d4 Nf6 2. c4 e6 3. Nf3 d5 4. Nc3 Be7 5. Bg5 h6 6. Bxf6 Bxf6 7. Rc1 O-O 8. e3
c6 9. Bd3 Nd7 10. cxd5 exd5 11. b4 a6 12. a4 Re8 (12... Be7 13. b5 axb5 14.
axb5 Bd6 15. O-O Nf6 $10) 13. O-O Nf8 14. b5 Ne6 (14... axb5 15. axb5 Bg4 16.
h3 Bxf3 17. Qxf3 Ra3 $10) 15. bxc6 bxc6 16. Ne2 Qd6 17. Qc2 Bd7 18. Ng3 Rec8 (
18... g6 $5 19. Bxg6 $2 (19. Rfd1 $14) 19... fxg6 20. Qxg6+ Ng7 21. Nh5 Re6 $1
$17 (21... Rf8 22. Nxg7) (21... Be5 22. Qxd6 Bxd6 23. Nf6+ $16)) 19. Nf5 Qf8
20. Ne5 Be8 21. Qe2 $6 (21. Ng4 Bd8) (21. f4 $5 c5 (21... g6 $6 22. Ng4 Bg7 23.
Nxg7 $16) 22. Qf2 g6 23. Ng4 $40) 21... g6 22. Ng3 c5 23. Bxa6 Rcb8 24. Bb5
cxd4 25. Nc6 $10 Bxc6 26. Rxc6 Rc8 27. Qg4 Bg7 28. Ne2 dxe3 29. fxe3 Rxc6 30.
Bxc6 Rd8 31. Bb5 Qc5 32. Qf3 Qa7 33. Kh1 h5 34. Rd1 Qc5 (34... Ng5 35. Qf4 Ne4
$15) 35. Rf1 Qa7 36. h3 Ng5 37. Qf4 Ne4 38. Rc1 Rd6 39. Rc6 Rf6 40. Rxf6 Bxf6
41. Ng3 Bg5 42. Qf3 Nxg3+ (42... Nd2 43. Qxd5 Qxe3 44. Nf1 $1 $10) (42... Nf6
$5 43. Nf1 h4 $40) 43. Qxg3 Bxe3 44. Qf3 Qd4 45. Qf1 Bd2 46. Qd1 Qc3 47. Qf1
Kf8 $6 (47... h4 48. Qd3 (48. Be8 Qc7) 48... Qc1+ 49. Qf1 Qc7 50. Qd3 Bf4 $17)
48. Qd3 Qc1+ 49. Qf1 Qc5 50. Qf6 Bc3 51. Qf4 Ba5 52. Qf6 Bc3 (52... Bb6 $6 53.
Qh8+ Ke7 54. Qe5+ $10) 53. Qf4 Kg7 54. h4 Ba5 55. g3 Bc7 $2 (55... Bb6 56. Qe5+
Kh7 57. Qe1 Qc2 $40) 56. Qf3 Bb6 57. Kg2 Qg1+ 58. Kh3 $10 Bc7 59. Qc3+ d4 60.
Qf3 f6 61. Bc6 Be5 62. Be4 Qa1 63. Bc2 Qe1 64. Bd3 Bc7 65. Kg2 Qe5 66. Bc4 Kh6
67. a5 Bxa5 68. Qa8 Qc7 69. Qh8+ Qh7 70. Qxf6 Qb7+ 1/2-1/2

[Event "Scandic Hotels CC"]
[Site "Stockholm"]
[Date "2000.08.06"]
[Round "9"]
[White "Hillarp Persson, Tiger"]
[Black "Berg, Emanuel"]
[Result "1-0"]
[WhiteElo "2549"]
[BlackElo "2456"]
[Annotator "Donev,I"]
[PlyCount "113"]
[EventDate "2000.07.29"]
[EventType "tourn"]
[EventRounds "9"]
[EventCountry "SWE"]
[EventCategory "10"]
[SourceTitle "CBM 079"]
[Source "ChessBase"]
[SourceDate "2000.11.21"]
[SourceVersion "1"]
[SourceVersionDate "2000.11.21"]
[SourceQuality "1"]

1. d4 e6 2. Nf3 d5 3. c4 Be7 4. Nc3 Nf6 5. Bg5 O-O 6. e3 h6 7. Bxf6 Bxf6 8. Qd2
dxc4 9. Bxc4 c5 10. O-O cxd4 11. exd4 Nc6 ({Interresant ist der Plan:} 11...
Nd7 12. Rfd1 Nb6 13. Bb3 Bd7 14. Ne5 Rc8 {nebst Bc6 und Schwarz hat beendet
die Entwicklung am Damenflügel.}) 12. Rad1 a6 13. a3 b5 14. Ba2 b4 $2 {
Offensichtlich ein Fehler, nach dem der Anziehende die Initiative übernimmt.} (
{besser wäre:} 14... Bb7) (14... Ra7 $5 {/\Rd7}) 15. Ne4 Be7 16. d5 exd5 17.
Bxd5 Bb7 18. axb4 Qb6 $6 {die schwarze Stellung ist schon sehr schwer.
Vielleicht sollte er 18...Rb8 spielen.} (18... Bxb4 19. Qc2 $1 {[%cal Yd5c6,
Yd5f7]} ({nach} 19. Qf4 Qb8 $1 {Schwarz kann sich retten.}) 19... Qb6 (19...
Rc8 20. Bxf7+ Rxf7 21. Rxd8+ Nxd8 22. Qd3 $18) {[%tqu "De","Weiß am Zug
gewinnt!","","","e4f6","",8]} 20. Nf6+ $3 gxf6 21. Qg6+ Kh8 22. Qxf6+ Kg8 (
22... Kh7 23. Ng5+ hxg5 24. Be4+ Kg8 25. Qxg5+ Kh8 26. Qh6+ Kg8 27. Qh7#) 23.
Qg6+ Kh8 24. Qxh6+ Kg8 25. Ng5 {nebst Qh7.}) 19. Nc5 $1 {[%cal Yc5d7]} Bxc5 20.
bxc5 Qxc5 21. Rc1 Qb6 22. Bxc6 Bxc6 23. Qd6 {[%cal Yc6b6,Yd6c6]} Rac8 24. Ne5
$1 {Jetzt bekommt der Anziehende das klar bessere Endspiel.} Rfd8 25. Nxc6 $1
Rxd6 26. Ne7+ Kh7 27. Nxc8 {[%cal Yc8b6,Yc8d6]} Qb4 28. Nxd6 Qxd6 {Zwei Türme
sind normalerweise stärker als die Dame!} 29. Rfd1 {[%mdl 4096] Es ist
lehrreich zu sehen, wie der Anziehende den minimalen Vorteil im Endspiel in
den ganzen Punkt umwandelt.} Qe5 30. Rd2 a5 {Früher oder später wird der
schwache a-Bauer verloren gehen.} 31. g3 a4 32. h4 g5 33. hxg5 hxg5 34. Kf1 {
Der weiße König geht Richtung a3. Später, mit Hilfe des Turmes, wird er den
Bauern a4 erobern.} Qe4 35. Rc3 Kg6 36. Re3 Qc4+ 37. Ke1 f5 38. Kd1 Kh5 39. Rc3
Qe4 40. Kc1 Qb4 41. Rcd3 g4 $2 {Nach diesem schlechten Zug wird das Feld f4
geschwächt. Später findet dort ein weißer Turm seine ideale Position - auf der
einen Seite um den eigenen schwachen f2-Bauern zu decken, auf der anderen
Seite, um die schwarzen schwachen Bauern a4 und f5 anzugreifen.} 42. Rd4 Qb6
43. R2d3 Kg5 44. Rf4 $1 $18 {Schwarz hat kein Gegenspiel. Der Rest ist reine
Technik.} Qb5 45. Kc2 Qc6+ 46. Kb1 Qe6 47. Rc3 Qe2 48. Ka2 Qe1 49. Rcc4 a3 50.
Kxa3 Qa1+ 51. Kb3 Qd1+ 52. Ka2 Qd5 53. b4 Qd2+ 54. Ka3 Qd3+ 55. Kb2 Qd2+ 56.
Rc2 Qd5 57. Rxf5+ $1 {nebst Rc5.} 1-0

[Event "NED-ch54"]
[Site "Rotterdam "]
[Date "1999.05.29"]
[Round "1"]
[White "Nikolic, Predrag"]
[Black "Van der Sterren, Paul"]
[Result "1-0"]
[WhiteElo "2633"]
[BlackElo "2535"]
[Annotator "Donev,I"]
[PlyCount "77"]
[EventDate "1999.05.29"]
[EventType "tourn"]
[EventRounds "11"]
[EventCountry "NED"]
[EventCategory "12"]
[SourceTitle "CBM 072"]
[Source "ChessBase"]
[SourceDate "1999.10.01"]
[SourceVersion "1"]
[SourceVersionDate "1999.10.01"]
[SourceQuality "1"]

1. d4 Nf6 2. c4 e6 3. Nf3 d5 4. Nc3 Be7 5. Bg5 O-O 6. e3 h6 7. Bxf6 Bxf6 8. Qb3
c6 9. Rd1 Nd7 10. Bd3 Rb8 11. Qc2 ({Die Idee von 10...Rb8 zeigt sich nach:} 11.
O-O b5 12. cxd5 cxd5 13. e4 b4 $11) 11... b6 12. e4 dxe4 13. Bxe4 b5 (13... c5)
14. c5 b4 15. Ne2 Qc7 16. O-O Ba6 17. Rfe1 Bxe2 18. Rxe2 e5 $2 {Der
Nachziehende versucht die Dinge zu forcieren, leider ist dies nicht von Erfolg
gekrönt. Jetzt bekommt der Anziehende einen sehr starken Freibauer, der
schließlich in der Partie zu großem Vorteil führt.} (18... Rfd8 $142) ({oder} 
18... a5) 19. d5 $1 $16 {[%mdl 32]} cxd5 20. Rxd5 Rfd8 21. c6 Nf8 {Der
schwarze Springer strebt nach e6. Von dort hat er zwei Alternativen:  a) Den
c-Freibauer zu blockieren und die Dame von dieser undankbaren Arbeit zu
befreien b) Den starken d4 Vorposten zu beherrschen} 22. Red2 {[%csl Gc6] Wenn
wir die Stellung objektiv bewerten, stellen wir sofort fest, dass der
Anziehende außer besser plazierten Figuren noch einen sehr starken Freibauer
hat. Die schwarze Bauernmehrheit am Königsflügel ist momentan nicht wichtig
und kann kaum im Endspiel verwertet werden.} g6 23. h4 Rxd5 24. Bxd5 h5 25. Qc4
a5 26. Be4 Kg7 27. Rd5 Rb6 28. Rd3 Rb8 29. g3 Rd8 30. Rxd8 Bxd8 31. Qd5 {
[%cal Yd5e5,Yf3e5]} Bf6 ({Auch nach :} 31... f6 32. Bc2 {wären die schwarzen
Sorgen nicht geringer gewesen, z.B.} Qe7 33. Bb3 Bc7 34. Nd2 Kh6 35. Nc4 Qd8
36. Qxd8 Bxd8 37. Nd6 {[%cal Yd6f7] Der Nachziehende versucht die Dinge zu
forcieren, leider ist dies nicht von Erfolg gekrönt. Die Drohungen Nf7 oder
Ne8 nebst c7 bringen dem Anziehenden den entscheidenden Vorteil.}) 32. Nd2 $1 {
Jetzt wird der weiße Springer mit entscheidener Kraft am Damenflügel
eingeschaltet, wo er den c-Freibauern unterstützen wird.} Ne6 33. Nc4 {[%cal
Yd5a5,Yc4a5]} a4 34. Bc2 b3 35. axb3 Nd4 36. Nd6 {/\Ne8} Kf8 37. bxa4 $1 Nxc2 (
37... Nxc6 38. Bb3 Nd8 39. a5 {war nicht viel besser.}) 38. Nb5 Qc8 39. Qc5+ {
[%cal Yc5f8,Yc5c2] Ein Musterpartie zum Thema: Freibauer!} 1-0

[Event "Keres Memorial"]
[Site "Tallinn/Parnu"]
[Date "1998.06.19"]
[Round "1"]
[White "Andersson, Ulf"]
[Black "Ehlvest, Jaan"]
[Result "1/2-1/2"]
[WhiteElo "2635"]
[BlackElo "2610"]
[Annotator "Donev,I"]
[PlyCount "46"]
[EventDate "1998.06.19"]
[EventType "tourn"]
[EventRounds "9"]
[EventCountry "EST"]
[EventCategory "15"]
[SourceTitle "CBM 066"]
[Source "ChessBase"]
[SourceDate "1998.09.30"]
[SourceVersion "1"]
[SourceVersionDate "1998.09.30"]
[SourceQuality "1"]

1. d4 Nf6 2. c4 e6 3. Nf3 d5 4. Nc3 Be7 5. Bg5 h6 {Das ist die genauere
Zugfolge.} ({Falls der Nachziehende zuerst rochiert} 5... O-O 6. Qc2 {und dann}
h6 {spielt, so folgt:} 7. h4 $1 $40 {mit starkem weissen Angriff.}) 6. Bxf6
Bxf6 7. e3 O-O 8. Rc1 c6 9. Qd2 $146 (9. Qc2 Nd7 10. cxd5 cxd5 11. Bd3 Nb6 12.
O-O Bd7 13. e4 Rc8 14. e5 Be7 15. Qe2 Nc4 16. g3 Qb6 17. Rc2 Rc7 18. Rfc1 Rfc8
19. Nb1 a6 20. h4 Qa5 21. a3 Qb6 22. Kh2 Na5 23. Rxc7 Rxc7 24. Rxc7 Qxc7 25.
Qd1 Nc4 26. Qb3 Bb5 27. Nc3 Nd2 28. Nxd2 Bxd3 29. Nxd5 exd5 30. Qxd3 Qc1 31. b4
a5 32. bxa5 Qxa3 33. Qxa3 Bxa3 34. f4 Bb4 35. Nb3 h5 36. f5 g6 37. f6 Kf8 38.
Kg2 Ke8 {Kortschnoj,V-Geller,E/Moscow zt 1964/MCL 01/1-0 (54)}) 9... Nd7 10. h3
a6 {bereitet b7-b5 vor!?} 11. cxd5 {Hier hat Schwarz zwei Alternativen: a) 11..
. cd5 leitet zur typischen Abtauschvariante in der Slawischen Verteidigung ein.
b) 11...ed5 mit klassischer Abtauschvariante des Damengambits- und Karlsbad
Bauernstruktur.} cxd5 12. Bd3 Be7 {Ein sehr gutes Manöver. Der Läufer strebt
nach d6, von wo er beide Diagonalen h2-b8 und a3-f8 kontrollieren wird.} 13.
O-O Bd6 14. e4 dxe4 15. Nxe4 Nf6 16. Rfd1 (16. Nxf6+ Qxf6 17. Qe2 Rd8 18. Qe4
$14) 16... Nxe4 (16... Nd5 17. Nxd6 Qxd6 18. Bb1 Bd7 19. Qd3 Nf6 $11) 17. Bxe4
Rb8 $1 {Einfach aber stark. Bereitet Bd7 vor, nachdem kann Schwarz endlich
seinen Damenflügel entwickeln.} 18. Ne5 Bd7 19. Bc2 Bxe5 20. dxe5 Bc6 21. Qxd8
(21. Qb4 $2 Qg5 $1 $17 {[%cal Yg5g2,Yg5e5]}) (21. Qe3 Qe7) 21... Rfxd8 22. Bb3
Kf8 23. f4 Ke7 $11 1/2-1/2